000 00725nam a2200289Ia 4500
005 20260324113937.0
008 008 260324s9999 xx 000 0 eng d
020 _a9781003342861
037 _aEBOOK
040 _aCRL
040 _beng
040 _cCRL
041 _2eng
041 _aeng
084 _qCRL
100 _aGry Espedal; Frank Elter
_91148795
245 0 _aGiving Voice to Values-based Leadership
245 0 _bHow to Develop Good Organizations Through Work on Values
260 _bTaylor and Francis
260 _c2023
365 _a
365 _b230
856 _uhttp://www.taylorfrancis.com/books/9781003342861
942 _cEBOOK
999 _c1738715
_d1738715